Whistleblowing - ekonomické a právne aspekty bakalárska práca

Salvato in:
Dettagli Bibliografici
Autore principale: Dolina, Jakub
Ente Autore: Národohospodárska fakulta EU. Katedra ekonómie
Altri autori: Jacko, Tomáš, 1987-
Natura: Libro
Lingua:slovacco
Pubblicazione: Bratislava 2017
Tags: Aggiungi Tag
Nessun Tag, puoi essere il primo ad aggiungerne!!

MARC

LEADER 00000nbm a2200000 4500
001 0233738
005 20180306131125.2
041 0 |a slo 
044 |a SK 
245 1 0 |a Whistleblowing - ekonomické a právne aspekty  |b bakalárska práca  |c Jakub Dolina ; školiteľ: Tomáš Jacko 
264 1 |a Bratislava  |c 2017 
300 |a 57 s. 
100 1 |a Dolina, Jakub 
700 1 |a Jacko, Tomáš, 1987- 
710 2 |a Národohospodárska fakulta EU. Katedra ekonómie